[Event "London Classic 9th"]
[Site "London"]
[Date "2017.12.11"]
[Round "9"]
[White "Nepomniachtchi, Ian"]
[Black "Vachier Lagrave, Maxime"]
[Result "1/2-1/2"]
[WhiteElo "2729"]
[BlackElo "2789"]
[Annotator "Fernandez,D"]
[PlyCount "38"]
[EventDate "2017.12.01"]
[EventType "tourn"]
[EventRounds "9"]
[EventCountry "ENG"]
[EventCategory "22"]
[SourceTitle "CBM 182"]
[Source "ChessBase"]
[SourceDate "2018.01.17"]
[SourceVersion "1"]
[SourceVersionDate "2018.01.17"]
[SourceQuality "1"]

{It was always unlikely that there would be significant adventures in a game
between an outright leader, and someone who could not catch them. Thus, the
game went as expected.} 1. Nf3 c5 2. c4 Nc6 3. d4 cxd4 4. Nxd4 Nf6 5. Nc3 e6 (
5... g6 {could be slightly more interesting; notwithstanding that Black has no
strong incentive to win, he could still try and do so. Ruling out all kinds of
'safe' e3 setups is a logical way to do this. Then White might have to play a
Maroczy bind, which he might well be reluctant to do.} 6. Bf4 $6 Bg7 7. e3 Nh5
{and White might even be worse already.}) 6. Bf4 d5 7. e3 {Not the most common
setup for White by any means, but seen in a disproportionate number of
super-GM games, for instance we have seen Boris Gelfand, Magnus Carlsen, Wei
Yi and Wesley So play the White side; meanwhile MVL, Kramnik, Svidler and
Ponomariov have taken the black pieces... I am guessing, but I suspect the
appeal for White is that Black's critical strategies involve Bb4xc3, and the
resulting structural damage will only persist for a certain length of time, i.
e. Black has to play fast.} Bb4 (7... Nxd4 8. Qxd4 $14 {has understandably
never appealed to anyone, even if the ending after} dxc4 9. Qxd8+ Kxd8 10. Bxc4
Bd7 {is nowhere near as bad as it looks (...Rc8, ...Bb4, ...Ke7, ...Rhd8)}) 8.
Be2 (8. Nxc6 {may be strategically richer, and has been seen in practice.} bxc6
9. Qa4 Bxc3+ 10. bxc3 O-O {Now White should develop his bishop, and we shall
examine one example of each deployment.} 11. Be2 (11. Bd3 {could improve, and
then the logical move is} a5 $1 (11... dxc4 $6 12. Bxc4 Nd5 13. O-O Nxf4 14.
exf4 {when both sides have rather slapdash structures but White's bishop might
be a tiny bit better, and ideas like Rd1, Qa3-d6 are just around the corner.})
12. c5 (12. O-O Ba6 13. Rfd1 {may leave White with slightly more prospects.})
12... Ba6 13. Bxa6 Rxa6 14. Qd4 Ne8 $36 {Unfortunately, while the computer
sees no problems for White, it is next to impossible for him to generate any
actual play - this would not be the case if at some point he had taken on d5
and/or the light squared bishops were still on.} 15. Rb1 f6 16. Qd3 Ra7 17. Rb6
e5 18. Bg3 Qd7 19. O-O Nc7 20. c4 Qe6 21. Rc1 Re8 22. Qc2 a4 23. cxd5 Nxd5 24.
Rbb1 Nc7 25. Rd1 Nb5 26. Rbc1 a3 $15 {0-1 (52) Banusz,T-Rodshtein,M, Minsk 2017
}) 11... Ne4 {Gaining full counterplay and one suspects this was preparation.}
12. Rc1 Qe7 13. cxd5 cxd5 14. Qb4 Qf6 15. Qd4 Re8 16. Qxf6 Nxf6 17. c4 e5 18.
Bg3 Bb7 19. f3 Rac8 20. Kf2 Nh5 $1 (20... Ba6 21. cxd5 Bxe2 22. Kxe2 Nxd5 23.
Bxe5 {could be something}) 21. Rhd1 Nxg3 22. hxg3 dxc4 23. Rxc4 Rxc4 24. Bxc4
Kf8 $1 $11 {The last good move. A draw was shortly agreed in Gelfand,B-Vachier
Lagrave,M, Caleta 2017}) 8... Bd7 {Indicating, perhaps, a desire to take on c4
and not be left with a bad c-pawn on a (half) open file.} (8... O-O 9. O-O Bxc3
10. bxc3 Re8 11. Bg5 h6 12. Bh4 g5 13. Bg3 Ne4 (13... e5 $5 $132) 14. Qc2 (14.
Bf3 $14) 14... e5 15. Nxc6 (15. cxd5 Nxd4 16. cxd4 exd4 17. Rad1 Bf5 $132)
15... bxc6 16. cxd5 cxd5 17. Rfd1 Bf5 $15 {Bu,X -Svidler,P, Tbilisi 2017}) 9.
Ndb5 e5 (9... O-O {is also legal}) 10. Bg5 a6 11. a3 axb5 12. axb4 Rxa1 13.
Qxa1 dxc4 14. O-O (14. Nxb5 {could have been played, but even assuming it
wasn't all preparation, move 14 was the last moment I am willing to believe
White noticed the move repetition that was about to take place.}) 14... O-O 15.
Rd1 Qe7 16. Nd5 Qe6 17. Nc7 Qe7 18. Nd5 Qe6 19. Nc7 Qe7 1/2-1/2

[Event "Saint Louis Summer-A"]
[Site "Saint Louis"]
[Date "2018.05.23"]
[Round "9"]
[White "Jumabayev, Rinat"]
[Black "Indjic, Aleksandar"]
[Result "0-1"]
[WhiteElo "2621"]
[BlackElo "2600"]
[Annotator "Fernandez,D"]
[PlyCount "78"]
[EventDate "2018.05.15"]
[EventType "tourn"]
[EventRounds "9"]
[EventCountry "USA"]
[EventCategory "16"]
[SourceTitle "CBM 185"]
[Source "ChessBase"]
[SourceDate "2018.07.13"]
[SourceVersion "1"]
[SourceVersionDate "2018.07.13"]
[SourceQuality "1"]

1. Nf3 c5 2. c4 Nc6 3. d4 cxd4 4. Nxd4 {An alternative way to try and get
Maroczy-type positions with White (i.e. not an Open Sicilian.) Black has a
slightly wider variety of options, but as White has not yet completely
committed his centre, the worst-cases outcomes for him are not as bad and the
position is thus marginally more peaceful.} Nf6 (4... Qb6 {makes more sense
here than after 1.e4, though it is still known there (the Grivas system.)} 5.
Nb3 e6 6. Nc3 Nf6 7. a3 $1 {White must tread a narrow path to an edge.} (7. e4
Bb4 8. Bd3 Ne5 9. O-O Qd6 $1 {Mareco,S-Alekseev,E Zuerich 2013. With the
queens gone Black equalised quickly.}) 7... d5 8. Be3 (8. cxd5 {is markedly
inferior: the pawn cannot be taken at the end due to ...Be6 so after} Nxd5 9.
Nxd5 exd5 {White should probably play} 10. Be3 d4 11. Nxd4 Qxb2 12. Nxc6 Qc3+
13. Bd2 Qxc6 $11 {where Black has at least equalised.}) 8... Qd8 9. cxd5 Nxd5
10. Nxd5 exd5 11. g3 Be7 12. Bg2 Bf6 $1 13. O-O $1 {This has only been played
once, but it is the most accurate, refusing to compromise the blockade of d4
due to Black's tempo-gainer.} ({After} 13. Qd2 {either} O-O {or indeed the
pawn sacrifice 13...d4 of Speelman-Sax is playable.}) 13... Bxb2 (13... O-O 14.
Qxd5 Qxd5 15. Bxd5 Bxb2 16. Ra2 Bf6 17. Nc5 $14) 14. Ra2 Bf6 15. Rd2 O-O 16.
Rxd5 Qc7 17. Bf4 Qb6 18. Nc5 Re8 19. Qd3 $14 {Can,E-Kosic,D Sarajevo 2016}) ({
After} 4... g6 {White should probably transpose into the Accelerated Dragon.}
5. e4 Bg7 6. Be3) 5. Nc3 e6 6. a3 {Not played particularly often, but maybe
White realised that the standard moves were not promising anything.} (6. e4 {
is possible, but as shown in previous analysis on this site (the game
Kapnisis-Pogosyan, Heraklion 2018) Black shouldn't be too worried after} Bb4 7.
Nxc6 dxc6 8. Qxd8+ Kxd8 {, and this isn't even his only way of playing.}) (6.
g3 {is the main line:} Qb6 $1 {By contrast to 4...Qb6, here White hasn't been
able to play a3 thanks to the move order, so Black gets a better version.} 7.
Nb3 Ne5 $1 {Threatening ...Nxc4 and ...Qc6.} 8. e4 Bb4 9. Qe2 d6 10. f4 Nc6 $11
{Black has equalised due to White's dodgy structure.} (10... Ned7 $5)) (6. Ndb5
d5 $1 {Black equalises reasonably straightforwardly after this pawn sacrifice.}
7. cxd5 (7. Bf4 e5 8. cxd5 exf4 9. dxc6 bxc6 10. Qxd8+ Kxd8 {Black is fine, as
I realised soon in Fernandez,D-Sax,G Kecskemet 2013, where I managed to draw
with my illustrious opponent.}) 7... Nxd5 8. Nxd5 exd5 9. Qxd5 Bb4+ {This
position has been analysed to death, but the long and short of it is that
Black is fine.}) 6... d5 (6... Bc5 $5 {is more commonly played, and it's quite
interesting to see how many extra options Black gets compared to a 'standard'
Maroczy position.} 7. Nb3 (7. Ndb5 O-O $1 8. Bf4 e5 9. Bg3 d6 10. b4 $2 a6 $17)
7... Bb6 8. e4 (8. g3 d5 9. cxd5 exd5 10. Bg2 d4 11. Na4 O-O $132 {Black's
play continues along Tarrasch lines.}) 8... d5 $1 {An interesting pawn
sacrifice. The details probably deserve a whole review in CBM, but let me just
say for now that} 9. cxd5 exd5 10. exd5 Ng4 $1 11. Be3 Nxe3 12. fxe3 Ne5 $44 {
gives Black at least enough for the pawn.}) 7. cxd5 exd5 {Black has maybe made
a slightly substandard decision in going into the Tarrasch structure without
White making any special concessions, but I would still hesitate to call this
an opening edge for White.} 8. e3 (8. g3 Bc5 9. Be3 {looks most critical, and
here there is a game from one of the greatest '...e6 Sicilian theoreticians'
Evgeny Alekseev.} Bb6 10. Bg2 O-O 11. O-O Re8 12. h3 Be6 (12... Rxe3 $5) 13.
Na4 Bxd4 14. Bxd4 Ne4 $11 {Malakhov,V-Alekseev,E St Petersburg 2015}) 8... Bd6
9. Bb5 Bd7 10. Nf3 {White tries to obtain a '1.b3-type' position with some
extra tempi. Unfortunately for him this doesn't promise an edge either.} Be6
11. b3 O-O 12. Bb2 a6 13. Be2 Rc8 14. O-O {So we have arrived. Both sides have
essentially completed development. White's plans all include simply bolstering
the d4-square repeatedly, whereas Black has greater variety: he can play for a
kingside attack, or for ...b5-b4, or maybe even ...d4 in some cases.} Bb8 {
Making Black's intentions clear. He would like ...Qd6, ...Rfd8 if necessary, ..
.Bg4 and ...Ne4.} (14... b5 {is interesting, if only because it's not clear
what White's next move could be. The engine comes up with the very strange} 15.
Na2 Qe7 16. Nb4 Nxb4 17. axb4 Rc6 $132 {when Black will almost certainly take
a pawn but White has compensation.}) 15. Rc1 Qd6 16. Na4 Ne4 17. b4 Bg4 18. g3
Bh3 {It isn't completely clear that the bishop improves its prospects on h3;
indeed it cues up a possible Nd3-f4 move for White.} (18... Ba7 {immediately
was marginally better.}) 19. Re1 Ba7 $5 {Black protects against Nc5, and
vaguely hints that one day he might like to play ...d4. Black doesn't have an
ideal move anymore; both this and my alternative leave White a little
something.} (19... Rfd8 20. Nc5 Qe7 {is the engine suggestion, but here White
can probably take advantage of the exposed bishop on h3:} 21. Nd3 $1 $14 {
whereupon the beast wants to head back to g4, proclaiming '0.17' but this is a
good sign that things have not proceeded ideally for Black.}) 20. Nc3 $6 (20.
Nd2 $1 {was the correct move in my opinion, trading off Black's e4-knight for
the less useful of the Black knights.} f5 21. Nc5 $5 (21. Nxe4 fxe4 22. Nc5 $14
) 21... Nxc5 22. bxc5 Bxc5 23. Qb3 {White has amazing compensation.}) 20... Qh6
$5 {Black sets up ...Nxf2. This is an intuitive pawn sacrifice, and probably a
good one.} 21. Nxe4 {It is impossible to criticise this most natural decision;
White is likely not worse after it. However there was a better move.} (21. Nxd5
$5 {was playable but it took some nerve, as well as some incredible
engine-level calculation.} Rcd8 $1 (21... Rfd8 $6 {looks desirable but the
engine points out the amazing tactic} 22. Bxa6 $3 {taking a second pawn and
leaving Black in trouble.} Qh5 (22... bxa6 23. Rxc6 Qxc6 24. Ne7+ Kf8 25. Qxd8+
Rxd8 26. Nxc6 Rc8 27. Rc1 $1 $18) 23. Bxb7 Rxd5 24. Nd4 $1 Nxd4 25. Rxc8+ Bxc8
26. Qxh5 Rxh5 27. Bxe4 $16 {White has three pawns for the piece and Black's
co-ordination is miserable.}) 22. Bxa6 $1 Nxb4 $3 (22... Nxf2 23. Kxf2 Rfe8 {
looks reasonably scary from a human perspective, but the engine is fine to play
} 24. Bxb7 $1 Rxd5 25. Bd4 $16) 23. axb4 (23. Bxb7 Nxd5 24. Bxd5 Nxf2 25. Kxf2
Be6 $40 {and White is in serious trouble}) 23... Qxa6 24. Qc2 $1 Rxd5 25. Qxe4
$14 {White emerges a pawn up, and Black has some compensation but it is not
enough.}) 21... dxe4 22. Nd2 (22. Nd4 Rcd8 23. Rc2 Nxd4 24. Bxd4 Bxd4 25. exd4
Rd6 $15 {is a bad structure to sign up for in principle, even if White is
somehow still essentially fine here.}) (22. Ne5 $1 {was best, exchanging off
Black's attacking pieces before they become too threatening.} Rfd8 (22... Bxe3
23. Nxc6 $1 $18) 23. Rxc6 $5 bxc6 24. Qc2 Bxe3 (24... Bb8 25. Qxe4 $44) 25.
Qxe4 Bb6 26. Bxa6 {White obtains two pawns for the exchange and is basically
fine.}) 22... Rcd8 $1 $15 {Now, however, White gets badly tied down and his
position gets broken open by the two battering-rams on the f-file.} 23. Rc2 f5
24. Qc1 f4 $1 25. exf4 e3 $1 26. Bc4+ (26. Ne4 exf2+ 27. Nxf2 Nd4 $36 {was in
principle legal, but I suspect Black's attack is enough to make him better
here too.}) (26. fxe3 Rxf4 $17) 26... Kh8 27. Rxe3 (27. fxe3 Rxf4 $17 {is
again crushing.}) 27... Bxe3 28. fxe3 Rd7 {In what follows White obtains a few
chances to get back into the game, but the momentum remains firmly with Black.}
(28... Bg4 $5 $15) 29. Be2 (29. Nf3 {might once again equalise the game by
blockading on the d-file.}) 29... Qe6 30. Nf3 h6 31. Kf2 Bf5 32. Rc5 (32. Rd2
$5 $11) 32... Be4 {Now the intention is clearly ...Qh3.} 33. Ne5 $6 (33. Rh5 $1
$11) 33... Nxe5 $2 (33... Qh3 $1 34. Nxd7 Qxh2+ 35. Ke1 Qxg3+ 36. Kd2 Rd8 {
is close to winning.}) 34. Rxe5 Qh3 35. Qg1 $2 {An odd winning attempt.} (35.
Rxe4 Qxh2+ 36. Kf3 {was possible, and Black only has a draw. Maybe the time
trouble was so desperate that White thought ...Qh1 wins?}) 35... Rd2 $1 {
Once the bishop on e2 falls, White can expect to be mated.} 36. Bc1 Rxe2+ $1
37. Kxe2 Qg4+ 38. Kd2 Rd8+ 39. Kc3 Qe2 {A topsy-turvy game, but ultimately
Black simply played better and with more energy.} 0-1